00468nam a2200109Ia 4500008004100000100003600041245012700077260005100204300001100255650002300266856006900289160712s9999 xx 000 0 und d aNicolas, Justin Francis Leon V. cJustin Francis Leon V. NicolasaThe Meaning of Creativity among Filipino Social Workers and its Implications to Governance c2013bPhilippine Journal of Social Development avol. 5 xSOCIAL DEVELOPMENT uhttp://journals.upd.edu.ph/index.php/pjsd/issue/view/415/showToc